000 00312 a2200145 4500
001 71794
020 _a
040 _cAnchieta - Colégio São Paulo
240 1 0 _aLebrinha e lebrete
_lpor
245 1 0 _aLebrinha e lebrete
300 _a13
362 0 _a0
650 4 _aLiteratura infanto-juvenil
942 _cBK
999 _c71794
_d71794